000 00566nam a2200181 4500
001 107200
003 ES-MaACL
005 20250702063053.0
007 t|
008 061121s1982 sp r ||||1| spa d
100 1 _aMorales Padrón, Francisco,
_d1924-2010
_983066
245 1 0 _aManual de historia universal
_b: historia general de América /
_cFrancisco Morales Padrón.
250 _a2.ª ed.
260 _aMadrid :
_bEspasa Calpe,
_c1982.
300 _a5 vols. :
_bil ;
_c25.
852 _aES-MaACL
_jL-2176-80
_bR.103261
999 _c107200
_d107200